| 000 -LEADER |
| fixed length control field |
01649cam a2200433 i 4500 |
| 001 - CONTROL NUMBER |
| control field |
20758455 |
| 005 - DATE AND TIME OF LATEST TRANSACTION |
| control field |
20220721123114.0 |
| 008 - FIXED-LENGTH DATA ELEMENTS--GENERAL INFORMATION |
| fixed length control field |
181128s2018 enk 001 0 eng d |
| 010 ## - LIBRARY OF CONGRESS CONTROL NUMBER |
| LC control number |
2018371587 |
| 015 ## - NATIONAL BIBLIOGRAPHY NUMBER |
| National bibliography number |
GBB860979 |
| Source |
bnb |
| 016 7# - NATIONAL BIBLIOGRAPHIC AGENCY CONTROL NUMBER |
| Record control number |
018813778 |
| Source |
Uk |
| 020 ## - INTERNATIONAL STANDARD BOOK NUMBER |
| International Standard Book Number |
9781788313193 |
| 020 ## - INTERNATIONAL STANDARD BOOK NUMBER |
| International Standard Book Number |
1788313194 |
| 020 ## - INTERNATIONAL STANDARD BOOK NUMBER |
| International Standard Book Number |
9781786724052 (Electronic copy) |
| 020 ## - INTERNATIONAL STANDARD BOOK NUMBER |
| International Standard Book Number |
1786724057 (Electronic copy) |
| 020 ## - INTERNATIONAL STANDARD BOOK NUMBER |
| International Standard Book Number |
9781786734051 (ePDF) |
| 020 ## - INTERNATIONAL STANDARD BOOK NUMBER |
| International Standard Book Number |
1786734052 (ePDF) |
| 035 ## - SYSTEM CONTROL NUMBER |
| System control number |
(OCoLC)on1048608582 |
| 040 ## - CATALOGING SOURCE |
| Original cataloging agency |
UKIIJ |
| Language of cataloging |
eng |
| Transcribing agency |
UKIIJ |
| Description conventions |
rda |
| Modifying agency |
YDX |
| -- |
L2U |
| -- |
UKMGB |
| -- |
DLC |
| 042 ## - AUTHENTICATION CODE |
| Authentication code |
lccopycat |
| 050 00 - LIBRARY OF CONGRESS CALL NUMBER |
| Classification number |
KBP144 |
| Item number |
.A246 2018 |
| 082 04 - DEWEY DECIMAL CLASSIFICATION NUMBER |
| Classification number |
340.59 |
| Author Mark |
ABD |
| 100 1# - MAIN ENTRY--PERSONAL NAME |
| Personal name |
Abdulla, Raficq, |
| Relator term |
author |
| 9 (RLIN) |
94354 |
| 245 10 - TITLE STATEMENT |
| Title |
Understanding Sharia : |
| Remainder of title |
Islamic law in a globalised world / |
| Statement of responsibility, etc. |
Raficq S. Abdulla and Mohamed M. Keshavjee. |
| 264 #1 - PRODUCTION, PUBLICATION, DISTRIBUTION, MANUFACTURE, AND COPYRIGHT NOTICE |
| Place of production, publication, distribution, manufacture |
London ; |
| -- |
New York : |
| Name of producer, publisher, distributor, manufacturer |
I.B. Tauris in association with The Institute of Ismaili Studies, |
| Date of production, publication, distribution, manufacture, or copyright notice |
2018 |
| 300 ## - PHYSICAL DESCRIPTION |
| Extent |
xxx, 321 pages ; |
| Dimensions |
22 cm. |
| 336 ## - CONTENT TYPE |
| Content type term |
text |
| Content type code |
txt |
| Source |
rdacontent |
| 337 ## - MEDIA TYPE |
| Media type term |
unmediated |
| Media type code |
n |
| Source |
rdamedia |
| 338 ## - CARRIER TYPE |
| Carrier type term |
volume |
| Carrier type code |
nc |
| Source |
rdacarrier |
| 504 ## - BIBLIOGRAPHY, ETC. NOTE |
| Bibliography, etc. note |
Includes bibliographical references and index. |
| 650 #0 - SUBJECT ADDED ENTRY--TOPICAL TERM |
| Topical term or geographic name entry element |
Islamic law. |
| 650 #7 - SUBJECT ADDED ENTRY--TOPICAL TERM |
| Topical term or geographic name entry element |
Islamic law. |
| Source of heading or term |
fast |
| Authority record control number or standard number |
(OCoLC)fst00979949 |
| 9 (RLIN) |
94355 |
| 650 #7 - SUBJECT ADDED ENTRY--TOPICAL TERM |
| Topical term or geographic name entry element |
86.14 Islamic law. |
| Source of heading or term |
nbc |
| Authority record control number or standard number |
(NL-LeOCL)169911772 |
| 9 (RLIN) |
94356 |
| 700 1# - ADDED ENTRY--PERSONAL NAME |
| Personal name |
Keshavjee, Mohamed M., |
| Relator term |
author. |
| 9 (RLIN) |
94357 |
| 710 2# - ADDED ENTRY--CORPORATE NAME |
| Corporate name or jurisdiction name as entry element |
Institute of Ismaili Studies. |
| 9 (RLIN) |
34219 |
| 906 ## - LOCAL DATA ELEMENT F, LDF (RLIN) |
| a |
7 |
| b |
cbc |
| c |
copycat |
| d |
3 |
| e |
ncip |
| f |
20 |
| g |
y-nonroman |
| 942 ## - ADDED ENTRY ELEMENTS (KOHA) |
| Source of classification or shelving scheme |
|
| Koha item type |
Book |